Mravenci se nedají : hra pro maňásky o dvou dějstvích (pěti obrazech) /

Main Author: Lebeda, Vladimír, 1917-
Other Authors: Sekora, Ondřej, 1899-1967
Language: Czech
Published: V Praze : Dilia, 1956
Physical Description: 61 s. ; 21 cm
Book
Saved in:
LEADER 01000nam a22002892a 4500
001 001646374
003 CZ BrMZK
005 20180924094705.0
007 ta
008 180912s1956 xr gr|||||||||d|cze d
015 |a cnb000724860 
020 |q (Brož.) 
035 |a (OCoLC)85455851 
040 |a ABA001  |b cze  |c KLG001  |d ABA001  |d PAG001  |d BOA001 
072 7 |a 821.162.3-2  |x České drama  |2 Konspekt  |9 25 
080 |a 821.162.3-2  |2 MRF 
080 |a (0:82-2)  |2 MRF 
100 1 |a Lebeda, Vladimír,  |d 1917-  |7 jk01071718  |4 aut 
245 1 0 |a Mravenci se nedají :  |b hra pro maňásky o dvou dějstvích (pěti obrazech) /  |c Vladimír Lebeda ; podle Ondřeje Sekory 
260 |a V Praze :  |b Dilia,  |c 1956 
300 |a 61 s. ;  |c 21 cm 
655 7 |a česká dramata  |7 fd133957  |2 czenas 
700 1 |a Sekora, Ondřej,  |d 1899-1967  |7 jk01110710  |4 ant 
910 |a BOA001  |b 2-1412.578 
990 |a BK 
991 |b 201809 
996 6 |b 2610754765  |c 2-1412.578  |l MZK  |r Sklad / do 1 hodiny  |n 1  |p dar  |w 001686874  |u 000010  |a 1  |e BOA001  |j MZK50  |s P